|
|
|
|
| LEADER |
00000nab a2200000u 4500 |
| 001 |
vtls011886830 |
| 003 |
SK-MaSNL |
| 005 |
20260303095103.0 |
| 008 |
190913|2019 xo ||||||| ||00 ||slo| |
| 038 |
|
|
|a KEVKJB
|
| 040 |
|
|
|a KEVKJB
|b slo
|e rda
|
| 041 |
0 |
|
|a slo
|
| 043 |
|
|
|a e-xo---
|
| 044 |
|
|
|a xo
|c SK
|
| 072 |
|
7 |
|a 27
|x Kresťanstvo. Kresťanská cirkev všeobecne. Ekleziológia
|2 konspekt
|
| 080 |
|
|
|a 27:2-34-051
|2 2011
|
| 100 |
1 |
|
|a Ogurčáková, Jana
|4 aut
|9 835010
|
| 245 |
1 |
0 |
|a Odborníci skúmali ich kosti a zdigitalizovali ich podobizeň
|c Jana Ogurčáková
|
| 300 |
|
|
|b Fotografie
|
| 336 |
|
|
|a text
|b txt
|2 rdacontent
|
| 337 |
|
|
|a bez média
|b n
|2 rdamedia
|
| 338 |
|
|
|a zväzok
|b nc
|2 rdacarrier
|
| 650 |
0 |
7 |
|a Svätí košickí mučeníci
|2 SNKPH
|9 77179
|
| 650 |
0 |
7 |
|a podobizne
|2 kevkjb
|9 1107966
|
| 650 |
0 |
7 |
|a digitalizácia
|2 SNKPH
|9 19296
|
| 651 |
|
7 |
|a Košice (Slovensko)
|2 kevkjb
|9 18694
|
| 773 |
0 |
|
|t Košický večer
|g Roč. 52, č. 36 (2019), s. 9
|x 1336-5320
|
| 852 |
|
|
|a KEVKJB
|b KIS3GCP
|
| 856 |
4 |
1 |
|u https://kosice.korzar.sme.sk/c/22110711/po-styristo-rokoch-odhalili-tvare-troch-kosickych-mucenikov.html
|
| 958 |
|
|
|a NT
|
| 999 |
|
|
|c 1823713
|d 1825643
|